Matemática (Record no. 139552)
[ view plain ]
| 000 -LÍDER | |
|---|---|
| campo de controle de tamanho fixo | 00847 a2200181 4500 |
| 001 - NÚMERO DE CONTROLE | |
| campo de controle | 139552 |
| 040 ## - FONTE DA CATALOGAÇÃO | |
| Instituição que transcreveu o registro | Leonardo Da Vinci |
| 041 ## - CÓDIGO DE IDIOMA | |
| Código do idioma do texto/trilha sonora ou título diferente | Português |
| 082 ## - CDD - CLASSIFICAÇÃO DECIMAL DE DEWEY | |
| Número de Classificação | 510 A572m |
| Número do exemplar | A572m |
| 100 ## - ENTRADA PRINCIPAL--NOME PESSOAL | |
| Nome pessoal | ANDRAUS, Sylvio |
| -- | SANTOS, Udmyr P |
| 245 ## - TÍTULO | |
| Título | Matemática |
| Restante do título | no ensino de segundo grau |
| 250 ## - EDIÇÃO | |
| Edição | v. 3 |
| 260 ## - PUBLICAÇÃO, DISTRIBUIÇÃO, ETC. | |
| Nome do editor, distribuidor, etc. | Cia. Editora Nacional |
| Data da publicação, distribuição, etc. | 1973 |
| Local de publicação, distribuição, etc. | São Paulo |
| 300 ## - DESCRIÇÃO FÍSICA | |
| Extensão | 254 |
| 362 ## - DATAS DE PUBLICAÇÃO E/OU DESIGNAÇÃO SEQUENCIAL | |
| Datas de publicação e/ou designação sequencial | 19730000 |
| 697 ## - ENTRADA DE ASSUNTO LOCAL--ENTIDADE COLETIVA (RLIN) | |
| Nome corporativo ou nome da jurisdição | Matemática |
| -- | Geometria analítica |
| -- | Coordenadas cartesianas |
| -- | Reta |
| -- | Ponto médio |
| -- | Baricentro |
| -- | Declive de reta |
| -- | Intersecção de curvas |
| -- | Intersecção de retas |
| -- | Equação |
| -- | Mediatriz |
| -- | Bissetriz |
| -- | Círculo |
| -- | Elipse |
| -- | Hipérbole |
| -- | Parábola |
| -- | Funções |
| -- | Constante |
| -- | Derivadas |
| -- | Tangente |
| -- | Concavidade |
| -- | Números complexos]Polinômios |
| -- | Fórmula de Moivre |
| -- | Polinômios |
| -- | Fórmula de Taylor |
| -- | Raízes |
| -- | Teorema de Bolzano |
| -- | Ensino Médio |
| 942 ## - ELEMENTOS DE ENTRADA ADICIONADOS (KOHA) | |
| Tipo de material Koha | Livros |
| Situação do descarte | Situação das perdas | Situação física | Não pode ser emprestado | Biblioteca de origem | Biblioteca atual | Data de aquisição | Total de empréstimos | Número de chamada completo | Código de barras | Data de último acesso | Data do preço efetivo | Tipo de material Koha |
|---|---|---|---|---|---|---|---|---|---|---|---|---|
| Leonardo Da Vinci - Osasco | Leonardo Da Vinci - Osasco | 27/03/2024 | 510 A572m | O007248 | 27/03/2024 | 27/03/2024 | Livros |